LEADER 01589cas 2200457 4500 001 990000335250203316 005 20110202113918.0 011 $a0305-4470 035 $a0033525 035 $aUSA010033525 035 $a(ALEPH)000033525USA01 035 $a0033525 100 $a20010205d19752006km-y0ENGy0103----ba 101 $aeng 102 $aGB 110 $aayyzz--|||| 200 1 $aJournal of physics. A, Mathematical and general$fInstitute of Physics 207 1$aA.1, n.1(1975)- 210 $aLondon$cInstitute of Physics$d1975-2006 215 $av.$cill.$d25 cm 326 $aIrregolare 430 1$1001000348200$12001$aJournal of physics. A, Mathematical, nuclear and general 440 1$1001000348197$12001$aJournal of physics. A, Mathematical and theoretical 606 $aFisica$xPeriodici$2BNCF 676 $a530.5 712 02$aInstitute of Physics 801 0$aIT$bsalbc$gISBD 856 4$uhttp://iopscience.iop.org/0305-4470$4.$zOn line da workstation autorizzate 912 $a990000335250203316 958 $aSCI$bPER IV$c1975-2006.$l1982;1984;1990;1999-2000; 959 $aSE 979 $aPATTY$b90$c20010205$lUSA01$h1725 979 $c20020403$lUSA01$h1641 979 $aPATRY$b90$c20040406$lUSA01$h1623 979 $aMANCUSO$b90$c20110112$lUSA01$h1146 979 $aMANCUSO$b90$c20110112$lUSA01$h1232 979 $aMANCUSO$b90$c20110127$lUSA01$h1025 979 $aMANCUSO$b90$c20110127$lUSA01$h1026 979 $aMANCUSO$b90$c20110202$lUSA01$h1139 996 $aJournal of physics. A, Mathematical and general$9794615 997 $aUNISA LEADER 01494nam 2200397Ia 450 001 996392323503316 005 20221108042218.0 035 $a(CKB)1000000000676050 035 $a(EEBO)2240868316 035 $a(UnM)99899908 035 $a(UnM)9928981500971 035 $a(EXLCZ)991000000000676050 100 $a19961205d1684 uy | 101 0 $aeng 135 $aurbn||||a|bb| 200 14$aThe beauty of holiness$b[electronic resource] $eWritten by the author of The whole duty of man, &c. To which is added holy devotions upon several occasions, fitted to the main uses of a Christian life 205 $aThe fourth impression. 210 $aLondon $cprinted for Benjamin Crayle at the Lamb in Fleetstreet, next White-Fryers-Gate$d1684 215 $a[8], 238, [2] p. $cill 300 $aThe author of The duty of man = Richard Allestree. 300 $aWith an engraved frontispiece, signed: F.H. Van Houe. Sculp. 300 $aLeaf A2 (title page) is a cancel. 300 $aWith a final advertisement leaf. 300 $aReproduction of original in the Folger Shakespeare Library. 330 $aeebo-0055 606 $aHoliness$vEarly works to 1800 615 0$aHoliness 700 $aAllestree$b Richard$f1619-1681.$0793142 702 $aHove$b Frederick Hendrick van$f1628?-1698, 801 0$bCu-RivES 801 1$bCu-RivES 801 2$bWaOLN 906 $aBOOK 912 $a996392323503316 996 $aThe beauty of holiness$92380509 997 $aUNISA